| 000 | 00640nam a2200205Ia 4500 | ||
|---|---|---|---|
| 008 | 191130s2004##################000#0#eng## | ||
| 020 | _a1843763044 | ||
| 022 | _a2004047117 | ||
| 040 |
_aACL _cACL |
||
| 082 | _a332.042 | ||
| 245 |
_aInternational monetary relations in the new global economy _cedited by Benjamin J. Cohen |
||
| 260 |
_aCheltenham, UK ; Northampton, MA _bEdward Elgar Pub _c2004 |
||
| 300 | _ap. cm | ||
| 500 | _aIncludes bibliographical references and index | ||
| 650 | _aInternational finance | ||
| 700 | _aCohen, Benjamin J | ||
| 990 | _a9fbb371dac10000c3891dae60933f0c2 | ||
| 991 | _a33923 | ||
| 999 |
_c268277 _d268277 |
||